Innovation Potential of the European Union
Vzdelávanie, inovácie a konkurencieschopnosť predstavujú tri veľmi zložité koncepcie, ktoré zohrávajú významnú úlohu najmä v 21. storočí, viac ako kedykoľvek predtým. Z tohto dôvodu krajiny na celom svete a najmä Európska únia venujú značnú pozornosť problematike znalostnej ekonomiky, jej stratégie...
Salvato in:
| Autore principale: | |
|---|---|
| Natura: | Capitolo di libro |
| Lingua: | inglese |
| Soggetti: | |
| Tags: |
Nessun Tag, puoi essere il primo ad aggiungerne!!
|
MARC
| LEADER | 00000naa a2200000 4500 | ||
|---|---|---|---|
| 001 | 0248181 | ||
| 005 | 20240502073953.5 | ||
| 041 | 0 | |a eng | |
| 044 | |a SK | ||
| 245 | 1 | 0 | |a Innovation Potential of the European Union |c Martin Hudec |
| 520 | |a Vzdelávanie, inovácie a konkurencieschopnosť predstavujú tri veľmi zložité koncepcie, ktoré zohrávajú významnú úlohu najmä v 21. storočí, viac ako kedykoľvek predtým. Z tohto dôvodu krajiny na celom svete a najmä Európska únia venujú značnú pozornosť problematike znalostnej ekonomiky, jej stratégie, pričom sa za jeden z cieľov považuje konkurencieschopnosť. Zdroje konkurencieschopnosti. Potenciál výskumu a inovácií v Európskej únii. | ||
| 610 | 2 | 0 | |a stratégia inovačná |
| 610 | 2 | 0 | |a veda |
| 610 | 2 | 0 | |a výskum |
| 610 | 2 | 0 | |a konkurencieschopnosť |
| 610 | 2 | 0 | |a Európska únia |
| 610 | 2 | 0 | |a ekonomika vedomostná |
| 610 | 2 | 0 | |a globalizácia |
| 100 | 1 | |a Hudec, Martin | |